Dead by Daylight Survivor Perks pt. 1 - Statistics

General Stats
  • This quiz has been taken 1,845 times
  • The average score is 18 of 30
Answer Stats
Hint (Survivor) Answers % Correct
Pressing the action button while healing another Survivor recovers them from the injured/dying state and leaves you Injured and in the Broken status effect. For The People
84%
Silent fast vault. Quick and Quiet
81%
You see the auras of other Survivors. Bond
80%
Flash-bangs on generators. Blast Mine
79%
Allows you to see where you can vault. Windows of Opportunity
78%
Falling from a high place grants a 150% speed increasefor a duration of time. Balanced Landing
65%
Permanent broken status effect. No Mither
65%
Replenish item charge. Built To Last
64%
Most popular anti-tunnelling perk. Decisive Strike
64%
Every 30 seconds, you see the aura of the killer and the killer can see yours. Object of Obsession
64%
Highlights when the killer is looking in your direction. Spine Chill
64%
Entering a locker causes a generator to create a noise notificationfor the killer. Red Herring
63%
Rocks… Diversion
61%
35% recovery speed in dying state. Unbreakable
60%
Increases healing speed by 33%. Botany Knowledge
59%
Guarantees a medkit in the first chest you open. Pharmacy
59%
Running gives a speed boost. Sprint Burst
59%
Increases other Survivors’ actions by 25%. Leader
58%
Noise notification when you look at a totem. Small Game
58%
Use items for longer. Streetwise
58%
Allows you to pick up pallets. Any Means Necessary
57%
Removes 3 seconds of scratch marks. Lightweight
52%
Fully powering an exit gate grants you 7% bonus movement. Hope
49%
Suppresses the urge to scream. Calm Spirit
45%
Unhooking a Survivor gives them a 7% haste status effectfor a short duration. Guardian / Babysitter
45%
Allows you to block a generator. Repressed Alliance
45%
After all generators are repaired, you can see exit gates within 128 metres. Wake Up!
38%
Allows any item you pick up from a chest to have an add-on. Ace in the Hole
35%
Meta healing perk since overpowered Self-care. Boon: Circle of Healing
35%
Stunning a killer removes grunts of pain, pools of blood and scratch marks for 8 seconds. Parental Guidance
30%
No matching quizzes found
Score Distribution
Percent of People with Each Score
Percentile by Number Answered
Your Score History
You have not taken this quiz